[Event "20. Open d'escacs de Sants 2018"]
[Site "Barcelona ESP"]
[Date "2018.08.17"]
[Round "1.1"]
[White "DEMCHENKO, Anton"]
[Black "DEL AMO CARBO, Jordi"]
[Result "1-0"]
[WhiteElo "2670"]
[BlackElo "2153"]
[PlyCount "69"]
[EventDate "2018.08.17"]
[EventType "swiss"]
[EventRounds "10"]
[EventCountry "ESP"]
[SourceTitle "Ajedrez en Madrid"]
[Source "lmi"]
[SourceDate "2018.08.17"]
[SourceVersion "1"]
[SourceVersionDate "2019.07.10"]
[SourceQuality "1"]

1. e4 e5 2. Nf3 Nc6 3. Bc4 Nf6 4. d3 Bc5 5. Bg5 h6 6. Bh4 Be7 7. Nbd2 d6 8. a3
O-O 9. Bg3 Re8 10. O-O Bf8 11. Re1 Be6 12. Bxe6 Rxe6 13. b4 a6 14. c3 d5 15.
Qb3 dxe4 16. dxe4 Nh5 17. Nc4 Nxg3 18. hxg3 Qe8 19. Rad1 b5 20. Ne3 Ne7 21. c4
c6 22. c5 g6 23. Rd3 Kh7 24. g4 Ng8 25. g5 Rd8 26. Rxd8 Qxd8 27. Rd1 Qc8 28.
Ng4 Bg7 29. gxh6 Bxh6 30. Ngxe5 Qe8 31. Rd7 Re7 32. Rxe7 Qxe7 33. Nxc6 Qxe4 34.
Qxf7+ Kh8 35. Nce5 1-0

[Event "20. Open d'escacs de Sants 2018"]
[Site "Barcelona ESP"]
[Date "2018.08.17"]
[Round "1.2"]
[White "PORTA TOVAR, Oriol"]
[Black "SWIERCZ, Dariusz"]
[Result "0-1"]
[WhiteElo "2151"]
[BlackElo "2669"]
[PlyCount "104"]
[EventDate "2018.08.17"]
[EventType "swiss"]
[EventRounds "10"]
[EventCountry "ESP"]
[SourceTitle "Ajedrez en Madrid"]
[Source "lmi"]
[SourceDate "2018.08.17"]
[SourceVersion "1"]
[SourceVersionDate "2019.07.10"]
[SourceQuality "1"]

1. e4 c6 2. Nc3 d5 3. Nf3 Bg4 4. h3 Bxf3 5. Qxf3 e6 6. g3 g6 7. Bg2 Bg7 8. O-O
Ne7 9. Qe2 O-O 10. d3 Nd7 11. f4 Qb6+ 12. Kh2 Rae8 13. Nd1 Qa6 14. Qf3 c5 15.
Ne3 d4 16. Nc4 b5 17. Nd2 c4 18. e5 Rc8 19. Qb7 Qxb7 20. Bxb7 Rc7 21. Ba6 cxd3
22. cxd3 Rb8 23. a4 bxa4 24. Bc4 Nc5 25. Nf3 Nc6 26. g4 Rd7 27. Kg3 Bf8 28. Rd1
Na5 29. Nd2 Nxc4 30. Nxc4 Rb3 31. Ra3 Ne4+ 32. Kf3 Bxa3 33. Kxe4 Bb4 34. Rf1
Be7 35. f5 a3 36. bxa3 Rb1 37. f6 Bf8 38. Nd2 Ra1 39. Bb2 Rxf1 40. Nxf1 Rb7 41.
Bxd4 Bxa3 42. Nd2 a5 43. Nc4 Bb4 44. Bb2 a4 45. d4 Bf8 46. Bc3 Rb3 47. Ba1 Rb1
48. Bc3 a3 49. d5 exd5+ 50. Kxd5 Rd1+ 51. Ke4 a2 52. e6 fxe6 0-1

[Event "20. Open d'escacs de Sants 2018"]
[Site "Barcelona ESP"]
[Date "2018.08.17"]
[Round "1.3"]
[White "NISIPEANU, Liviu-Dieter"]
[Black "KUEPPERS, Timo"]
[Result "1-0"]
[WhiteElo "2657"]
[BlackElo "2151"]
[PlyCount "53"]
[EventDate "2018.08.17"]
[EventType "swiss"]
[EventRounds "10"]
[EventCountry "ESP"]
[SourceTitle "Ajedrez en Madrid"]
[Source "lmi"]
[SourceDate "2018.08.17"]
[SourceVersion "1"]
[SourceVersionDate "2019.07.10"]
[SourceQuality "1"]

1. d4 Nf6 2. Bf4 c5 3. e3 d5 4. c3 Nc6 5. Nd2 e6 6. Ngf3 Bd6 7. Bg3 O-O 8. Bb5
a6 9. Bd3 b5 10. e4 Be7 11. e5 Nd7 12. h4 h6 13. Bb1 Re8 14. dxc5 Bxc5 15. Nb3
Be7 16. Nbd4 Bb7 17. a3 Qb6 18. Bf4 a5 19. Rh3 Nxd4 20. Nxd4 Nf8 21. Bxh6 Ng6
22. Qg4 b4 23. Bxg6 fxg6 24. Bxg7 Kxg7 25. Rg3 g5 26. Nxe6+ Kg8 27. Qf5 1-0

[Event "20. Open d'escacs de Sants 2018"]
[Site "Barcelona ESP"]
[Date "2018.08.17"]
[Round "1.4"]
[White "GONZALEZ SANTAMARTINA, Jorge"]
[Black "GLEDURA, Benjamin"]
[Result "0-1"]
[WhiteElo "2146"]
[BlackElo "2626"]
[PlyCount "90"]
[EventDate "2018.08.17"]
[EventType "swiss"]
[EventRounds "10"]
[EventCountry "ESP"]
[SourceTitle "Ajedrez en Madrid"]
[Source "lmi"]
[SourceDate "2018.08.17"]
[SourceVersion "1"]
[SourceVersionDate "2019.07.10"]
[SourceQuality "1"]

1. e4 c5 2. Nf3 Nc6 3. d4 cxd4 4. Nxd4 e6 5. Nc3 Qc7 6. Be3 a6 7. Be2 b5 8. a3
Bb7 9. O-O Nf6 10. f4 Bc5 11. Qd3 b4 12. e5 Nxd4 13. Bxd4 bxc3 14. exf6 cxb2
15. fxg7 Rg8 16. Rad1 Rxg7 17. Rf2 f6 18. Qc3 Rc8 19. Qxb2 Bxd4 20. Qxd4 Qc5
21. Qxc5 Rxc5 22. Rb1 Be4 23. Bxa6 Ra5 24. Bd3 Bxd3 25. cxd3 Rxa3 26. Rd2 Ra4
27. d4 Ke7 28. Kf2 Rg8 29. Rb5 Kd6 30. Rh5 Rg7 31. Rh6 f5 32. g3 Kd5 33. Ke3
Ra1 34. Rh5 Re1+ 35. Kd3 Re4 36. Kc3 d6 37. Rh6 Rc7+ 38. Kb2 Re3 39. Rf6 Rec3
40. Re2 R3c4 41. Re3 Rb4+ 42. Rb3 Rxd4 43. Rb5+ Kc4 44. Rb6 Rd2+ 45. Kc1 Kd3+
0-1

[Event "20. Open d'escacs de Sants 2018"]
[Site "Barcelona ESP"]
[Date "2018.08.17"]
[Round "1.5"]
[White "ILLESCAS CORDOBA, Miguel"]
[Black "KABANOVA, Ekaterina"]
[Result "1-0"]
[WhiteElo "2605"]
[BlackElo "2146"]
[PlyCount "115"]
[EventDate "2018.08.17"]
[EventType "swiss"]
[EventRounds "10"]
[EventCountry "ESP"]
[SourceTitle "Ajedrez en Madrid"]
[Source "lmi"]
[SourceDate "2018.08.17"]
[SourceVersion "1"]
[SourceVersionDate "2019.07.10"]
[SourceQuality "1"]

1. d4 d5 2. Nf3 Nf6 3. c4 dxc4 4. Nc3 e6 5. e4 Bb4 6. Bxc4 Nxe4 7. O-O Nxc3 8.
bxc3 Be7 9. Qe2 O-O 10. Rd1 c6 11. Ne5 Nd7 12. Rd3 Nb6 13. Rh3 g6 14. Qe3 Bg5
15. Qxg5 Qxg5 16. Bxg5 f6 17. Bh6 fxe5 18. Bxf8 Nxc4 19. Bh6 exd4 20. Rf3 Bd7
21. cxd4 Nd6 22. Bf4 Nf5 23. Be5 Rd8 24. g4 Nh6 25. h3 Bc8 26. Rc1 Nf7 27. Bf6
Rf8 28. Ra3 a6 29. Re3 Re8 30. f4 Bd7 31. Kh2 Nd6 32. Be5 Nc8 33. Rb3 b6 34.
Bc7 b5 35. Ra3 Kf7 36. Rxa6 Ke7 37. Ra8 Rf8 38. Kg3 Rf7 39. Rc5 Rg7 40. Kf3 Rf7
41. Ke4 Kf8 42. Ke3 Ke7 43. a4 bxa4 44. Rxa4 Nd6 45. Bxd6+ Kxd6 46. Ra8 Rg7 47.
Rca5 Rf7 48. Rh8 Rg7 49. Ke4 Rf7 50. h4 Rg7 51. Rg5 Re7 52. h5 Be8 53. Rxe8
Rxe8 54. hxg6 hxg6 55. Rxg6 Re7 56. f5 Kd7 57. Rxe6 Rg7 58. Kf4 1-0

[Event "20. Open d'escacs de Sants 2018"]
[Site "Barcelona ESP"]
[Date "2018.08.17"]
[Round "1.6"]
[White "ABELLA VAZQUEZ, Cesar"]
[Black "PETROV, Nikita"]
[Result "0-1"]
[WhiteElo "2141"]
[BlackElo "2591"]
[PlyCount "57"]
[EventDate "2018.08.17"]
[EventType "swiss"]
[EventRounds "10"]
[EventCountry "ESP"]
[SourceTitle "Ajedrez en Madrid"]
[Source "lmi"]
[SourceDate "2018.08.17"]
[SourceVersion "1"]
[SourceVersionDate "2019.07.10"]
[SourceQuality "1"]

1. e4 c6 2. d4 d5 3. e5 c5 4. dxc5 Nc6 5. Bb5 e6 6. Be3 Nge7 7. c3 Bd7 8. Bxc6
Nxc6 9. Nf3 Qc7 10. O-O Nxe5 11. Nxe5 Qxe5 12. Nd2 Qc7 13. b4 Be7 14. f4 O-O
15. Nb3 Ba4 16. Bd4 b6 17. Qg4 g6 18. cxb6 axb6 19. Rae1 Bd7 20. Qe2 f6 21. Rf2
Bd6 22. Qe3 Rab8 23. g3 Qc6 24. Qd2 Rbe8 25. Rfe2 Bc7 26. Nc1 e5 27. fxe5 fxe5
28. Bxe5 Bg4 29. Re3 0-1

[Event "20. Open d'escacs de Sants 2018"]
[Site "Barcelona ESP"]
[Date "2018.08.17"]
[Round "1.7"]
[White "HEIMANN, Andreas"]
[Black "ROVIRA VILA, Jaume"]
[Result "1-0"]
[WhiteElo "2590"]
[BlackElo "2140"]
[PlyCount "71"]
[EventDate "2018.08.17"]
[EventType "swiss"]
[EventRounds "10"]
[EventCountry "ESP"]
[SourceTitle "Ajedrez en Madrid"]
[Source "lmi"]
[SourceDate "2018.08.17"]
[SourceVersion "1"]
[SourceVersionDate "2019.07.10"]
[SourceQuality "1"]

1. e4 c5 2. Nf3 g6 3. c4 Nc6 4. d4 cxd4 5. Nxd4 Bg7 6. Be3 Nf6 7. Nc3 O-O 8.
Be2 b6 9. O-O Bb7 10. f3 e6 11. Nxc6 Bxc6 12. Qd6 Qb8 13. Qd2 Rd8 14. Bf4 Qb7
15. Bg5 d6 16. Rad1 Qe7 17. Rfe1 Qf8 18. Bf1 h6 19. Bf4 d5 20. cxd5 exd5 21. e5
Nh5 22. Ne2 g5 23. Bxg5 hxg5 24. Qxg5 f6 25. Qxh5 fxe5 26. Ng3 Qf7 27. Qg4 Bd7
28. Qg5 Kf8 29. Nh5 Bh8 30. Rxe5 Bxe5 31. Qxe5 Bf5 32. Rd4 Bg6 33. Nf4 Re8 34.
Nxg6+ Qxg6 35. Rf4+ Kg8 36. Qxd5+ 1-0

[Event "20. Open d'escacs de Sants 2018"]
[Site "Barcelona ESP"]
[Date "2018.08.17"]
[Round "1.9"]
[White "SVETUSHKIN, Dmitry"]
[Black "KEETMAN, Maaike"]
[Result "1-0"]
[WhiteElo "2580"]
[BlackElo "2134"]
[PlyCount "73"]
[EventDate "2018.08.17"]
[EventType "swiss"]
[EventRounds "10"]
[EventCountry "ESP"]
[SourceTitle "Ajedrez en Madrid"]
[Source "lmi"]
[SourceDate "2018.08.17"]
[SourceVersion "1"]
[SourceVersionDate "2019.07.10"]
[SourceQuality "1"]

1. d4 Nf6 2. c4 g6 3. Nc3 Bg7 4. e4 d6 5. f3 O-O 6. Be3 c5 7. Nge2 Nc6 8. d5
Na5 9. Ng3 a6 10. Rc1 Bd7 11. Qd2 Rb8 12. Be2 b5 13. cxb5 axb5 14. O-O Nc4 15.
Bxc4 bxc4 16. Rf2 Qa5 17. Bh6 Rb4 18. Bxg7 Kxg7 19. f4 Rfb8 20. Rb1 Ng4 21. Re2
h5 22. h3 Nh6 23. f5 h4 24. Nf1 f6 25. fxg6 Be8 26. Ne3 Bxg6 27. Nf5+ Bxf5 28.
exf5 Qa7 29. Qf4 Nf7 30. Qg4+ Kf8 31. Qxh4 Qd7 32. Qh7 Ne5 33. Re3 e6 34. Qh8+
Ke7 35. Qg7+ Ke8 36. Qxf6 exf5 37. Rbe1 1-0

[Event "20. Open d'escacs de Sants 2018"]
[Site "Barcelona ESP"]
[Date "2018.08.17"]
[Round "1.10"]
[White "DE BOER, Bas"]
[Black "CRUZ, Cristhian"]
[Result "0-1"]
[WhiteElo "2129"]
[BlackElo "2571"]
[PlyCount "68"]
[EventDate "2018.08.17"]
[EventType "swiss"]
[EventRounds "10"]
[EventCountry "ESP"]
[SourceTitle "Ajedrez en Madrid"]
[Source "lmi"]
[SourceDate "2018.08.17"]
[SourceVersion "1"]
[SourceVersionDate "2019.07.10"]
[SourceQuality "1"]

1. d4 e6 2. c4 Nf6 3. Nc3 Bb4 4. Qc2 O-O 5. Nf3 c5 6. dxc5 Na6 7. g3 Nxc5 8.
Bg2 Nce4 9. O-O Nxc3 10. bxc3 Be7 11. e4 d6 12. e5 dxe5 13. Nxe5 Qa5 14. Re1
Bd6 15. f4 Nd7 16. Rb1 Rb8 17. Be3 Bc5 18. Bd4 Qc7 19. Be4 h6 20. Bh7+ Kh8 21.
Bd3 b6 22. h3 Bb7 23. Ng4 Rbd8 24. Rbd1 Bf3 25. Rd2 Bxg4 26. hxg4 e5 27. Bxc5
Qxc5+ 28. Kg2 exf4 29. gxf4 Nf6 30. Qd1 Rde8 31. Rxe8 Rxe8 32. Be2 Ne4 33. Rd4
Nxc3 34. Qd3 Nxe2 0-1

[Event "20. Open d'escacs de Sants 2018"]
[Site "Barcelona ESP"]
[Date "2018.08.17"]
[Round "1.11"]
[White "MOUSSARD, Jules"]
[Black "VALENCIA JIMENEZ, Jose"]
[Result "1-0"]
[WhiteElo "2566"]
[BlackElo "2127"]
[PlyCount "115"]
[EventDate "2018.08.17"]
[EventType "swiss"]
[EventRounds "10"]
[EventCountry "ESP"]
[SourceTitle "Ajedrez en Madrid"]
[Source "lmi"]
[SourceDate "2018.08.17"]
[SourceVersion "1"]
[SourceVersionDate "2019.07.10"]
[SourceQuality "1"]

1. c4 c5 2. g3 g6 3. Bg2 Bg7 4. Nc3 Nc6 5. e3 d6 6. Nge2 h5 7. h3 Bf5 8. d3 Qc8
9. a3 Rb8 10. Rb1 a6 11. b4 cxb4 12. axb4 b5 13. e4 Bd7 14. cxb5 axb5 15. Qb3
Nd4 16. Nxd4 Bxd4 17. Nd5 Be6 18. Bb2 Bxd5 19. exd5 Bxb2 20. Qxb2 Nf6 21. O-O
O-O 22. Rfe1 Rb7 23. Re2 Qf5 24. Qd4 Rc8 25. Rbe1 Rcc7 26. Kh2 Ra7 27. Be4 Qc8
28. Bf3 Qf5 29. Kg2 Nh7 30. Be4 Qf6 31. Qb6 Rab7 32. Qe3 Kg7 33. Ra2 Rc3 34. h4
Rb3 35. Rc1 Rc3 36. Ra8 Qe5 37. Rc8 Rxc8 38. Rxc8 Nf6 39. Rc2 Nxd5 40. Qf3 Nxb4
41. Re2 d5 42. Bxg6 Qf6 43. Bxh5 Qxf3+ 44. Kxf3 Rc7 45. Rb2 Nc2 46. Kf4 Rc5 47.
Bd1 Nd4 48. Rb1 Kf6 49. Ke3 e5 50. g4 Rc6 51. f4 Rc5 52. h5 Ne6 53. fxe5+ Kxe5
54. Rb4 Kf6 55. Be2 d4+ 56. Kf3 Ke5 57. Bd1 Ng5+ 58. Kg3 1-0

[Event "20. Open d'escacs de Sants 2018"]
[Site "Barcelona ESP"]
[Date "2018.08.17"]
[Round "1.12"]
[White "LOW, Kevin"]
[Black "MARTINEZ ALCANTARA, Jose Eduardo"]
[Result "0-1"]
[WhiteElo "2123"]
[BlackElo "2561"]
[PlyCount "104"]
[EventDate "2018.08.17"]
[EventType "swiss"]
[EventRounds "10"]
[EventCountry "ESP"]
[SourceTitle "Ajedrez en Madrid"]
[Source "lmi"]
[SourceDate "2018.08.17"]
[SourceVersion "1"]
[SourceVersionDate "2019.07.10"]
[SourceQuality "1"]

1. e4 c5 2. Nf3 d6 3. d4 cxd4 4. Nxd4 Nf6 5. Nc3 a6 6. f3 e6 7. Be3 b5 8. Qd2
Bb7 9. a4 b4 10. Na2 d5 11. e5 Nfd7 12. f4 Nc5 13. Bd3 a5 14. O-O Nxd3 15. cxd3
Nc6 16. Nc1 Be7 17. Ncb3 O-O 18. g4 Qd7 19. Nf3 d4 20. Nbxd4 Nxd4 21. Nxd4 Rad8
22. Rac1 Qd5 23. Nf3 Ba6 24. Nd4 Bb7 25. Nf3 Qxd3 26. Qxd3 Rxd3 27. Kf2 Rd7 28.
Rfd1 Rxd1 29. Rxd1 Bd5 30. Rd3 Rc8 31. Bb6 h6 32. h3 Rc2+ 33. Rd2 Rc6 34. Be3
Rc4 35. Rd4 Rc8 36. Rd3 b3 37. Nd4 Bb4 38. Kg3 Rc4 39. Kf2 Bc5 40. Nxb3 Rxf4+
41. Ke2 Bxe3 42. Rxe3 Rxa4 43. Kd2 Rb4 44. Kc2 Bxb3+ 45. Rxb3 Rxb3 46. Kxb3 f5
47. exf6 gxf6 48. Ka4 f5 49. gxf5 exf5 50. Kb3 Kf7 51. Kc4 Ke6 52. Kd4 a4 0-1

[Event "20. Open d'escacs de Sants 2018"]
[Site "Barcelona ESP"]
[Date "2018.08.17"]
[Round "1.13"]
[White "VAIBHAV, Suri"]
[Black "LONGSON, Sarah N"]
[Result "1-0"]
[WhiteElo "2561"]
[BlackElo "2123"]
[PlyCount "87"]
[EventDate "2018.08.17"]
[EventType "swiss"]
[EventRounds "10"]
[EventCountry "ESP"]
[SourceTitle "Ajedrez en Madrid"]
[Source "lmi"]
[SourceDate "2018.08.17"]
[SourceVersion "1"]
[SourceVersionDate "2019.07.10"]
[SourceQuality "1"]

1. e4 e5 2. Nf3 Nc6 3. Bc4 Nf6 4. d3 Bc5 5. O-O O-O 6. Bg5 h6 7. Bh4 Be7 8. Bg3
d6 9. a4 Bg4 10. c3 Na5 11. Ba2 c5 12. Na3 Nc6 13. Nc2 Qd7 14. Ne3 Be6 15. Re1
Bxa2 16. Rxa2 Kh7 17. h3 Bd8 18. Qb1 g6 19. Nc4 Bc7 20. b4 cxb4 21. cxb4 Qe6
22. Rc2 Rac8 23. Rec1 Bb8 24. b5 Ne7 25. Bh2 Nd7 26. d4 exd4 27. Nxd4 Qxe4 28.
Nxd6 Bxd6 29. Bxd6 Qxd4 30. Bxe7 Rxc2 31. Qxc2 Re8 32. Ba3 Qf4 33. Bb2 Ne5 34.
Qc7 h5 35. Rc5 Nd3 36. Qxf4 Nxf4 37. Rc7 Re1+ 38. Kh2 Nd3 39. Bd4 Re4 40. Rxf7+
Kg8 41. Rd7 b6 42. Bxb6 axb6 43. Rxd3 Re6 44. Rd7 1-0

[Event "20. Open d'escacs de Sants 2018"]
[Site "Barcelona ESP"]
[Date "2018.08.17"]
[Round "1.14"]
[White "POZANCO ROMASANTA, Marc"]
[Black "VOLKOV, Sergey"]
[Result "0-1"]
[WhiteElo "2122"]
[BlackElo "2557"]
[PlyCount "100"]
[EventDate "2018.08.17"]
[EventType "swiss"]
[EventRounds "10"]
[EventCountry "ESP"]
[SourceTitle "Ajedrez en Madrid"]
[Source "lmi"]
[SourceDate "2018.08.17"]
[SourceVersion "1"]
[SourceVersionDate "2019.07.10"]
[SourceQuality "1"]

1. d4 d5 2. c4 e6 3. Nc3 c6 4. Nf3 Nf6 5. e3 a6 6. Be2 dxc4 7. Bxc4 c5 8. O-O
b5 9. Be2 Nbd7 10. Ne5 Bb7 11. f4 Bd6 12. Bf3 Bxf3 13. Qxf3 O-O 14. Bd2 cxd4
15. exd4 Nb6 16. Rfd1 b4 17. Ne4 Nxe4 18. Qxe4 a5 19. Rac1 g6 20. Rc6 Rc8 21.
Rxc8 Qxc8 22. Rc1 Qb8 23. Rc6 Rc8 24. Qc2 Kg7 25. Qc1 Rxc6 26. Qxc6 Bxe5 27.
fxe5 Qd8 28. Qd6 Qxd6 29. exd6 Kf8 30. Bf4 Ke8 31. Kf2 Kd7 32. Ke2 Nc4 33. b3
Nxd6 34. Kd3 f6 35. Bc1 Nb5 36. Bb2 Kd6 37. Kc4 Kc6 38. Bc1 g5 39. Bb2 h5 40.
Bc1 h4 41. Bb2 f5 42. Bc1 f4 43. Bd2 Na3+ 44. Kd3 Kd5 45. Be1 Nb5 46. Bf2 Nd6
47. h3 Nf5 48. Bg1 Ne7 49. Bf2 Ng6 50. Bg1 f3 0-1

[Event "20. Open d'escacs de Sants 2018"]
[Site "Barcelona ESP"]
[Date "2018.08.17"]
[Round "1.15"]
[White "PERALTA, Fernando"]
[Black "MORETO QUINTANA, Alex"]
[Result "1-0"]
[WhiteElo "2556"]
[BlackElo "2121"]
[PlyCount "61"]
[EventDate "2018.08.17"]
[EventType "swiss"]
[EventRounds "10"]
[EventCountry "ESP"]
[SourceTitle "Ajedrez en Madrid"]
[Source "lmi"]
[SourceDate "2018.08.17"]
[SourceVersion "1"]
[SourceVersionDate "2019.07.10"]
[SourceQuality "1"]

1. d4 Nf6 2. c4 e6 3. Nc3 Bb4 4. e3 O-O 5. Nge2 c6 6. a3 Ba5 7. c5 d5 8. cxd6
Qxd6 9. b4 Bc7 10. g3 e5 11. Bg2 exd4 12. Nxd4 Nbd7 13. O-O Nb6 14. Qc2 Nfd5
15. Nxd5 Nxd5 16. Bb2 Bd8 17. e4 Ne7 18. Rad1 Qh6 19. Nb3 Kh8 20. Nc5 Bc7 21.
Qc3 b6 22. Nd7 Rd8 23. Ne5 Qf6 24. Rxd8+ Bxd8 25. Qd2 Ba6 26. Qd7 h6 27. Qe8+
Kh7 28. Rd1 Ng8 29. Bh3 Qe7 30. Bf5+ g6 31. Nxg6 1-0

[Event "20. Open d'escacs de Sants 2018"]
[Site "Barcelona ESP"]
[Date "2018.08.17"]
[Round "1.16"]
[White "VILLA, Alessandro"]
[Black "GUERRA MENDEZ, Jose Angel"]
[Result "1/2-1/2"]
[WhiteElo "2120"]
[BlackElo "2550"]
[PlyCount "62"]
[EventDate "2018.08.17"]
[EventType "swiss"]
[EventRounds "10"]
[EventCountry "ESP"]
[SourceTitle "Ajedrez en Madrid"]
[Source "lmi"]
[SourceDate "2018.08.17"]
[SourceVersion "1"]
[SourceVersionDate "2019.07.10"]
[SourceQuality "1"]

1. e4 e5 2. Nf3 Nc6 3. d4 exd4 4. Bc4 Bc5 5. O-O d6 6. c3 d3 7. Qxd3 Nf6 8. Bg5
O-O 9. Nbd2 Bg4 10. Rfe1 h6 11. Bh4 Ne5 12. Nxe5 dxe5 13. Qxd8 Raxd8 14. Nb3
Bb6 15. h3 Be6 16. Bxe6 fxe6 17. Re2 Rd3 18. Bxf6 gxf6 19. Rd2 Rxd2 20. Nxd2
Rd8 21. Rd1 f5 22. Kf1 Kf7 23. Ke2 Rg8 24. Kf3 Kf6 25. g3 h5 26. Nc4 Rg7 27.
Nxb6 axb6 28. Rd8 h4 29. Rd3 Ke7 30. Re3 Kf6 31. Rd3 Ke7 1/2-1/2

[Event "20. Open d'escacs de Sants 2018"]
[Site "Barcelona ESP"]
[Date "2018.08.17"]
[Round "1.17"]
[White "MORONI, Luca Jr"]
[Black "MORENO ROYANO, Victor"]
[Result "1-0"]
[WhiteElo "2547"]
[BlackElo "2118"]
[PlyCount "65"]
[EventDate "2018.08.17"]
[EventType "swiss"]
[EventRounds "10"]
[EventCountry "ESP"]
[SourceTitle "Ajedrez en Madrid"]
[Source "lmi"]
[SourceDate "2018.08.17"]
[SourceVersion "1"]
[SourceVersionDate "2019.07.10"]
[SourceQuality "1"]

1. d4 Nf6 2. c4 e6 3. Nf3 d5 4. Nc3 Bb4 5. a3 Bxc3+ 6. bxc3 O-O 7. e3 b6 8. a4
Ba6 9. Ba3 Re8 10. Ne5 Nfd7 11. Nxd7 Nxd7 12. Qb3 e5 13. Rd1 exd4 14. Rxd4 c5
15. Rxd5 Qe7 16. Be2 Bb7 17. O-O Bxd5 18. cxd5 Nf6 19. c4 Ne4 20. Qc2 f5 21.
Bd3 Rf8 22. Bb2 Rae8 23. f3 Nd6 24. Re1 Qh4 25. Re2 Qg5 26. f4 Qe7 27. g4 fxg4
28. Bxh7+ Kh8 29. Qg6 Nf5 30. e4 Nh4 31. Qh6 Nf3+ 32. Kh1 Rf6 33. Qh5 1-0

[Event "20. Open d'escacs de Sants 2018"]
[Site "Barcelona ESP"]
[Date "2018.08.17"]
[Round "1.18"]
[White "GONZALEZ VERICAT, Sergio"]
[Black "QUESADA PEREZ, Yasser"]
[Result "0-1"]
[WhiteElo "2117"]
[BlackElo "2534"]
[PlyCount "90"]
[EventDate "2018.08.17"]
[EventType "swiss"]
[EventRounds "10"]
[EventCountry "ESP"]
[SourceTitle "Ajedrez en Madrid"]
[Source "lmi"]
[SourceDate "2018.08.17"]
[SourceVersion "1"]
[SourceVersionDate "2019.07.10"]
[SourceQuality "1"]

1. b3 d5 2. Bb2 Nf6 3. e3 Bf5 4. Nf3 e6 5. Be2 h6 6. c4 Bd6 7. cxd5 exd5 8. d3
O-O 9. Nd4 Bh7 10. g4 c5 11. Nf5 Bxf5 12. gxf5 Nc6 13. Nd2 Be5 14. Bxe5 Nxe5
15. O-O Qd7 16. f4 Nc6 17. Bg4 Rfe8 18. Re1 Nb4 19. Nf1 Nxg4 20. Qxg4 Nc2 21.
Ng3 Kh8 22. Nh5 Rg8 23. Kf2 Qd6 24. Qh4 g5 25. fxg6 Rxg6 26. f5 Rg5 27. Ng3
Rag8 28. Rad1 Nxe1 29. Rxe1 Rg4 30. Qh5 Qf6 31. Qh3 Qg5 32. Qg2 Qxf5+ 33. Nxf5
Rxg2+ 34. Kf3 Rxh2 35. Ne7 Rg5 36. e4 dxe4+ 37. dxe4 Rxa2 38. Rh1 Kh7 39. Nf5
Ra6 40. Kf4 Rb6 41. Rd1 Rxb3 42. Rd7 Rxf5+ 43. Kxf5 Kg8 44. Kf6 Rb6+ 45. Kf5 c4
0-1

[Event "20. Open d'escacs de Sants 2018"]
[Site "Barcelona ESP"]
[Date "2018.08.17"]
[Round "1.19"]
[White "SVIRIDOV, Valery"]
[Black "PEREZ GARCIA, Adria"]
[Result "1-0"]
[WhiteElo "2528"]
[BlackElo "2115"]
[PlyCount "65"]
[EventDate "2018.08.17"]
[EventType "swiss"]
[EventRounds "10"]
[EventCountry "ESP"]
[SourceTitle "Ajedrez en Madrid"]
[Source "lmi"]
[SourceDate "2018.08.17"]
[SourceVersion "1"]
[SourceVersionDate "2019.07.10"]
[SourceQuality "1"]

1. Nf3 d5 2. g3 Nf6 3. Bg2 Bf5 4. c4 c6 5. O-O e6 6. cxd5 exd5 7. d3 Be7 8. Nc3
O-O 9. Qb3 Qb6 10. Qc2 Re8 11. e4 Be6 12. Ng5 Na6 13. Nxe6 fxe6 14. a3 Qd8 15.
b4 Nc7 16. Rb1 a6 17. e5 Nd7 18. d4 Nb6 19. a4 Nc4 20. f4 a5 21. bxa5 Nxa5 22.
f5 exf5 23. Qxf5 Rf8 24. Qg4 Rxf1+ 25. Bxf1 c5 26. Bd3 Qe8 27. Nxd5 Nxd5 28.
Qe4 Qf7 29. Qxh7+ Kf8 30. Bd2 cxd4 31. Rf1 Nf6 32. exf6 gxf6 33. Bh6+ 1-0

[Event "20. Open d'escacs de Sants 2018"]
[Site "Barcelona ESP"]
[Date "2018.08.17"]
[Round "1.20"]
[White "CREMER, Jochen"]
[Black "VETOSHKO, Volodymyr"]
[Result "0-1"]
[WhiteElo "2115"]
[BlackElo "2525"]
[PlyCount "56"]
[EventDate "2018.08.17"]
[EventType "swiss"]
[EventRounds "10"]
[EventCountry "ESP"]
[SourceTitle "Ajedrez en Madrid"]
[Source "lmi"]
[SourceDate "2018.08.17"]
[SourceVersion "1"]
[SourceVersionDate "2019.07.10"]
[SourceQuality "1"]

1. e4 c5 2. c3 d5 3. exd5 Nf6 4. d4 Nxd5 5. dxc5 e5 6. Nf3 Nc6 7. Bc4 Be6 8.
Ng5 Nxc3 9. Nxc3 Qxd1+ 10. Nxd1 Bxc4 11. b3 Bd3 12. Ba3 h6 13. Nb2 Bg6 14. Nf3
e4 15. Ng1 Nd4 16. O-O-O Nb5 17. Bb4 a5 18. Be1 Bxc5 19. Nc4 a4 20. b4 Rc8 21.
Kb2 Bd4+ 22. Rxd4 Nxd4 23. Nd6+ Kd7 24. Nxc8 Rxc8 25. Nh3 Rc2+ 26. Ka3 Bf5 27.
Nf4 g5 28. Nd5 Be6 0-1

[Event "20. Open d'escacs de Sants 2018"]
[Site "Barcelona ESP"]
[Date "2018.08.17"]
[Round "1.21"]
[White "ZANAN, Evgeny"]
[Black "MUNDET RIERA, Jaume"]
[Result "1-0"]
[WhiteElo "2512"]
[BlackElo "2112"]
[PlyCount "85"]
[EventDate "2018.08.17"]
[EventType "swiss"]
[EventRounds "10"]
[EventCountry "ESP"]
[SourceTitle "Ajedrez en Madrid"]
[Source "lmi"]
[SourceDate "2018.08.17"]
[SourceVersion "1"]
[SourceVersionDate "2019.07.10"]
[SourceQuality "1"]

1. d4 d6 2. Nf3 Nf6 3. c4 g6 4. Nc3 Bg7 5. e4 O-O 6. Be2 c6 7. O-O Bg4 8. h3
Bxf3 9. Bxf3 Nbd7 10. Be3 e5 11. d5 Qc7 12. Qd2 Nb6 13. b3 Ne8 14. dxc6 Qxc6
15. Rfd1 Kh8 16. Rac1 a6 17. a4 Nd7 18. b4 Nb6 19. b5 Qc7 20. Nd5 Nxd5 21. Qxd5
axb5 22. cxb5 Qe7 23. Rc4 Rd8 24. a5 Nf6 25. Qd2 Ra8 26. Ra4 Rfd8 27. Qb4 Bf8
28. a6 bxa6 29. bxa6 Nd7 30. Be2 Nc5 31. Ra2 Rdb8 32. Qc4 Ra7 33. Qd5 Kg7 34.
Raa1 h6 35. Rab1 Rba8 36. Bc4 Qc7 37. Rdc1 Qe7 38. Rb2 Rc8 39. Rcb1 Qc7 40.
Bxc5 Qxc5 41. Rb7 Rc7 42. Rxa7 Qxa7 43. Rb7 1-0

[Event "20. Open d'escacs de Sants 2018"]
[Site "Barcelona ESP"]
[Date "2018.08.17"]
[Round "1.22"]
[White "GURRUTXAGA TELLERIA, Jose Luis"]
[Black "KARTHIK, Venkataraman"]
[Result "0-1"]
[WhiteElo "2112"]
[BlackElo "2502"]
[PlyCount "66"]
[EventDate "2018.08.17"]
[EventType "swiss"]
[EventRounds "10"]
[EventCountry "ESP"]
[SourceTitle "Ajedrez en Madrid"]
[Source "lmi"]
[SourceDate "2018.08.17"]
[SourceVersion "1"]
[SourceVersionDate "2019.07.10"]
[SourceQuality "1"]

1. d4 Nf6 2. c4 e6 3. Nf3 Bb4+ 4. Nbd2 O-O 5. a3 Be7 6. e4 d6 7. Be2 c5 8. b4
cxd4 9. Nxd4 b6 10. f4 e5 11. Nf5 Bb7 12. Bf3 Nbd7 13. O-O exf4 14. Nb3 Ne5 15.
Qe2 Nxf3+ 16. gxf3 Nh5 17. Bb2 Re8 18. Rad1 Bf8 19. Qg2 Re6 20. Kh1 Rg6 21. Qc2
Qg5 22. Rd2 Re8 23. Rg2 Qd8 24. Qc3 Nf6 25. Rfg1 Kh8 26. Nd2 Bc8 27. Nh4 Rxg2
28. Nxg2 Nh5 29. Nxf4 Nxf4 30. Rxg7 Re5 31. Rxf7 Bh6 32. c5 Bh3 33. Qc4 Qg5 0-1